000
00287nam a2200121Ia 4500
008
190216s9999||||xx |||||||||||||| ||und||
100
_a
Janardhanapillai
245
0
_a
Predegree Mathematics
260
_b
Kerala University
_c
1980
300
_a
503p
650
_a
Mathematics
942
_c
BK
999
_c
30697
_d
30697